|
|
|
|
| LEADER |
00000nam0a2200000 4500 |
| 001 |
87863 |
| 005 |
20231031102424.0 |
| 035 |
|
|
|a (RuTPU)RU\TPU\book\94323
|
| 090 |
|
|
|a 87863
|
| 100 |
|
|
|a 20051216a1971 m a0rusy5003 ca
|
| 101 |
0 |
|
|a rus
|
| 102 |
|
|
|a RU
|
| 105 |
|
|
|a a z 000zy
|
| 200 |
1 |
|
|a Машины для разработки скальных грунтов и механизации вспомогательных работ
|e обзорная информация
|f Министерство промышленного строительства СССР; сост. И. М. Искандеров
|
| 210 |
|
|
|a Москва
|c ЦБТИ
|d 1971
|
| 215 |
|
|
|d 21 см
|e (ил.)
|a 56 с.
|
| 610 |
1 |
|
|a горные работы
|
| 610 |
1 |
|
|a скальные грунты
|
| 610 |
1 |
|
|a машины
|
| 610 |
1 |
|
|a механизация
|
| 610 |
1 |
|
|a вспомогательные работы
|
| 610 |
1 |
|
|a дорожные работы
|
| 675 |
|
|
|a 624.13
|v 3
|
| 702 |
|
1 |
|a Искандеров
|b И. М.
|4 220
|
| 712 |
0 |
2 |
|a Министерство промышленного строительства СССР
|
| 801 |
|
0 |
|a RU
|b RuMRKP
|c 19950417
|g psbo
|
| 801 |
|
1 |
|a RU
|b 63413507
|c 20051216
|g PSBO
|
| 801 |
|
2 |
|a RU
|b 63413507
|c 20070306
|g PSBO
|
| 942 |
|
|
|c BK
|